Susie / (Record no. 92003)

MARC details
000 -LEADER
campo de control de longitud fija 01083nam a2200289 i 4500
001 - NÚMERO DE CONTROL
campo de control 92003
003 - IDENTIFICADOR DE NÚMERO DE CONTROL
campo de control ES-MaACL
005 - FECHA Y HORA DE LA ÚLTIMA TRANSACCIÓN
campo de control 20230906180856.0
007 - CAMPO FIJO DE DESCRIPCIÓN FÍSICA--INFORMACIÓN GENERAL
campo de control de longitud fija t|
008 - DATOS DE LONGITUD FIJA--INFORMACIÓN GENERAL
campo de control de longitud fija 050315s1999 sp ||||1| spa d
020 ## - NÚMERO INTERNACIONAL ESTÁNDAR DEL LIBRO
Número Internacional Estándar del Libro 84-87591-80-9
080 ## - NÚMERO DE LA CLASIFICACIÓN DECIMAL UNIVERSAL
Número de la Clasificación Decimal Universal 821.134.2-2"19"
080 ## - NÚMERO DE LA CLASIFICACIÓN DECIMAL UNIVERSAL
Número de la Clasificación Decimal Universal 821.134.2(82)-2"19"
100 1# - ENTRADA PRINCIPAL--NOMBRE DE PERSONA
Nombre de persona López Díaz, Carol.
9 (RLIN) 73608
245 10 - MENCIÓN DEL TÍTULO
Título Susie /
Mención de responsabilidad, etc. Carol López Díaz. Entre aquí y alla : (lo que dura un paseo) / de Victoria Szpunberg Witt. Blue Mountain : (aromas de los últimos días) / de Itziar Pascual ; presentación de Jaume Melendres.
260 ## - PUBLICACIÓN, DISTRIBUCIÓN, ETC.
Lugar de publicación, distribución, etc. Madrid :
Nombre del editor, distribuidor, etc. Asociación de Directores de Escena de España,
Fecha de publicación, distribución, etc. [1999]
300 ## - DESCRIPCIÓN FÍSICA
Extensión 210 p. ;
Dimensiones 20 cm.
490 1# - MENCIÓN DE SERIE
Mención de serie Literatura dramática iberoamericana ;
Designación de volumen o secuencia 23
650 #4 - PUNTO DE ACCESO ADICIONAL DE MATERIA--TÉRMINO DE MATERIA
Término de materia o nombre geográfico como elemento de entrada Teatro español-
Subdivisión cronológica S.XX.
9 (RLIN) 17356
700 1# - ENTRADA AGREGADA--NOMBRE PERSONAL
Nombre de persona Szpunberg Witt, Victoria.
9 (RLIN) 109000
700 1# - ENTRADA AGREGADA--NOMBRE PERSONAL
Nombre de persona Pascual, Itziar.
9 (RLIN) 89349
740 0# - ENTRADA AGREGADA--TÍTULO RELACIONADO/ANALÍTICO NO CONTROLADO
Título relacionado o analítico no controlado Entre aquí y allá.
740 0# - ENTRADA AGREGADA--TÍTULO RELACIONADO/ANALÍTICO NO CONTROLADO
Título relacionado o analítico no controlado Blue Mountain.
830 0# - PUNTO DE ACCESO ADICIONAL DE SERIE-TÍTULO UNIFORME
Título uniforme Literatura dramática iberoamericana ;
Designación de volumen o secuencia 23
9 (RLIN) 183036
852 ## - LOCALIZACIÓN
Ubicación ES-MaACL
Número de control de estantería E-10838
Sublocalización o colección R.135640
Holdings
Estatus retirado Estado de pérdida Estado de daño No para préstamo Biblioteca de origen Biblioteca actual Ubicación en estantería Fecha de adquisición Fuente de adquisición Total de préstamos Signatura topográfica completa Código de barras Visto por última vez Precio de reemplazo Tipo de ítem Koha
        Biblioteca del Ateneo de Madrid Biblioteca del Ateneo de Madrid Depósito 2 17/01/2008     E-10838 1096063 23/02/2023 23/02/2023 Libro impreso